| 000 | 00351 a2200145 4500 | ||
|---|---|---|---|
| 001 | 164934 | ||
| 020 | _a | ||
| 040 | _cMagnum | ||
| 100 | _aFoucault, Michel | ||
| 240 | 1 | 0 |
_aVigiar e punir: historia da violencias nas prisoes _lpor |
| 245 | 1 | 0 | _aVigiar e punir: historia da violencias nas prisoes |
| 362 | 0 | _a1899 | |
| 697 | _aGERAL | ||
| 942 | _cBK | ||
| 999 |
_c164934 _d164934 |
||